| 000 | 00579nam a22001817a 4500 | ||
|---|---|---|---|
| 003 | 0 | ||
| 005 | 20240207154616.0 | ||
| 008 | 240207b xxu||||| |||| 00| 0 eng d | ||
| 020 | _a978-1-119-88732-4 | ||
| 050 |
_aHD 1390 _b.F67 2022 |
||
| 100 | _aForlee, Ron | ||
| 245 |
_aReal estate development strategy for investors _cRon Forlee |
||
| 260 |
_aAustralia _bJohn Wiley & Sons Australia, Ltd _cc2022. |
||
| 300 |
_axviii, 325 pages ; _c25 cm. |
||
| 504 | _aIncludes bibliographical references, index, and glossary. | ||
| 650 | _aReal estate development. | ||
| 942 |
_2lcc _cBK |
||
| 999 |
_c365909 _d365909 |
||